Normal view
MARC view
- Administration
Entry Geographic Name
001 - CONTROL NUMBER
- control field: 217537
003 - CONTROL NUMBER IDENTIFIER
- control field: OSt
005 - DATE AND TIME OF LATEST TRANSACTION
- control field: 20260402113058.0
008 - FIXED-LENGTH DATA ELEMENTS
- fixed length control field: 260402|| aca||aabn | a|a d
040 ## - CATALOGING SOURCE
- Original cataloging agency: OSt
- Transcribing agency: OSt
151 ## - HEADING--GEOGRAPHIC NAME
- Geographic name: Administration
670 ## - SOURCE DATA FOUND
- Source citation: Work cat.: (OSt)370852: Kaur Taranpreet 217535, Integrated Supervised Internship for GNM 3rd year part II nursing Students , 2025